| 000 | 01418cam a22003737a 4500 | ||
|---|---|---|---|
| 003 | CHAP | ||
| 005 | 20220329142612.0 | ||
| 008 | 020327d2002 mx d r 00110 spa d | ||
| 010 | _a85536 | ||
| 011 | _a86508 | ||
| 035 | _a97046 | ||
| 040 | _cCHAP | ||
| 090 | _aTesis | ||
| 100 | 0 | 0 |
_aBenítez Mendoza, Benjamín. _911648 |
| 245 | 1 | 0 |
_aProblemas puerperales y causas de desecho en vacas lecheras de alta producción, en un establo comercial de la Comarca Lagunera _c/por Benjamín Benítez Mendoza |
| 260 |
_aChapingo, Méx. : _bEl autor, _c2002 |
||
| 300 |
_a64 h. : _bcuadros |
||
| 502 | _aTesis (Ing. Agr. Esp. en Zootecnia) -- UACH. Departamento de Zootecnia | ||
| 590 |
_aALEPH _b10 _c20130110 _lUCH01 _h1447 |
||
| 590 |
_aBATCH-UPD _b10 _c20130110 _lUCH01 _h0833 |
||
| 590 |
_aBATCH-UPD _b10 _c20130410 _lUCH01 _h0511 |
||
| 590 |
_aBATCH-UPD _b10 _c20130914 _lUCH01 _h1517 |
||
| 590 |
_aCONVERSION _b10 _c20130109 _lUCH01 _h1347 |
||
| 650 | 0 | 4 |
_aGanado lechero _xComarca Lagunera. _945247 |
| 650 | 1 | 4 |
_aGanado vacuno _xComarca Lagunera. _945446 |
| 650 | 1 | 4 |
_aGanado vacuno _xProducción. _945506 |
| 650 | 1 | 4 |
_aGanado vacuno _xReproducción. _945510 |
| 650 | 1 | 4 |
_aLeche _xProducción. _965400 |
| 901 | _aBK | ||
| 905 | _aMarco A. Mendoza T. | ||
| 942 | _cFOLL | ||
| 949 |
_aTesis _bBC _cTES _d33724000850459 _eTS2 _fc.2 _gDonaciØn _h39401 _i97046 _sb |
||
| 949 |
_aTesis _bBC _cTES _d970461 _eTS1 _gDonaciØn _h39400 _i97046 _sb |
||
| 999 |
_c85536 _d85536 |
||